Roma y la organización del derecho

Αποθηκεύτηκε σε:
Λεπτομέρειες βιβλιογραφικής εγγραφής
Κύριος συγγραφέας: Declareuil, J (autor)
Μορφή: Βιβλίο
Γλώσσα:Ισπανικά
Έκδοση: Ciudad de México, México UTEHA 1958
Έκδοση:2a. ed
Σειρά:La evolución de la humanidad. Sección Primera. Introducción Prehistoria y Protohistoria Antigüedad, 21
Θέματα:
Ετικέτες: Προσθήκη ετικέτας
Δεν υπάρχουν, Καταχωρήστε ετικέτα πρώτοι!

MARC

LEADER 00000nam a2200000 a 4500
001 UCP4797
003 CL-VaPUC
005 20210609131308.0
008 990813e19580000MX |||||||||||||||||spa|d
999 |c 282695  |d 282693 
040 |c Pontificia Universidad Católica de Valparaíso 
082 0 4 |a 340.5402 DEC 1958  |2 21 
100 0 |a Declareuil, J  |e autor  |9 432691 
245 1 0 |a Roma y la organización del derecho 
250 |a 2a. ed 
260 0 3 |a Ciudad de México, México  |b UTEHA  |c 1958 
300 |a 311 páginas 
490 0 |a La evolución de la humanidad. Sección Primera. Introducción Prehistoria y Protohistoria Antigüedad,   |v 21 
583 |a last modification  |c 19990813 00:00:00  |k Rodrigo Vera 
650 0 |a Derecho romano  |9 255930 
650 0 |a Derecho civil  |9 255013  |x Acción civil 
650 0 |a Procedimiento civil  |9 254870 
650 0 |a Derecho de familia  |9 255603 
650 0 |a Bienes  |9 255749 
650 0 |a Derecho de propiedad  |9 256450  |x Posesión 
650 0 |a Delitos  |9 224143 
650 0 |a Contratos  |9 255153  |x Obligaciones 
942 |c BK  |2 ddc 
945 |d 19990813 00:00:00  |a lriquelm 
952 |0 0  |1 0  |4 0  |6 340_540200000000000_DEC_1958  |7 0  |8 A  |9 324855  |a BIBHIS  |b BIBHIS  |d 2019-11-20  |i 1359479  |o 340.5402 DEC 1958  |p 1359479  |r 2025-01-20  |w 2019-11-20  |y BK  |k HIS 
952 |0 0  |1 0  |4 0  |6 340_540200000000000_DEC_1958  |7 0  |8 A  |9 324856  |a BIBHIS  |b BIBHIS  |d 2019-11-20  |i 1359487  |o 340.5402 DEC 1958  |p 1359487  |r 2025-01-20  |w 2019-11-20  |y BK  |k HIS